| 000 | 00863nam a22002057a 4500 | ||
|---|---|---|---|
| 999 |
_c11884 _d11884 |
||
| 003 | AR-CdUCM | ||
| 008 | 190405b ||||| |||| 00| 0 spa d | ||
| 040 |
_aMUNICIPALIDAD PROVINCIAL DEL CUSCO _cBIBLIOTECA MUNICIPAL DEL CUSCO |
||
| 082 |
_a301.984 / _bB32 / 1924 |
||
| 100 |
_aPedregal, Juan Francisco _929480 |
||
| 245 |
_aLa mascara de estuco : _bDivagaciones perogrullescas sobre sociología boliviana, política, derecho publico y otras menudencias de actualidad permanente / |
||
| 260 |
_aLa Paz : _bArnó Hnos, _c1924. |
||
| 300 |
_a240 páginas ; _c20 cm. |
||
| 505 | _aContenido : A guisa de prologo -- Prolegomenos -- Hay hombres buenos y hay hombres malos -- Ética recreativa -- La geografía nacional ... | ||
| 650 |
_aSociedad _953 |
||
| 650 |
_aSociología _9276 |
||
| 650 |
_aBolivia _91138 |
||
| 942 |
_2ddc _cLIBROS |
||
| 945 |
_arah _d05/04/2019 |
||